000 00494ntaaa2200193 4500
003 01
005 20251027201931.0
008 0714s1973 ag 01
040 _aAR-BaBN
_bspa
_cAR-BaBN
_eaacr
_dRIC
082 _a244.5000 C16p
100 _aCanclini, Arnoldo
_938
245 _aPortales de esplendor
250 _a1 ed.
260 _aEl Paso :
_bCasa Bautista de Publicaciones,
_c1973
300 _a16 p.
650 _aMisiones-Dramatización
_917905
650 _aDrama
_916571
942 _cBK
999 _c14048
_d14048